O dracích a kněžkách

Saved in:
Bibliographic Details
Main Author Tereza, Kadečková
Format Electronic eBook
LanguageCzech
Published Golden Dog 2025
Edition1. elektronické vydání
Subjects
Online AccessDostupné v BOOKPORT po přihlášení pomocí eduID
ISBN978-80-53027-13-7
978-80-53027-14-4
978-80-53027-09-0
Physical Description1 online zdroj (424 stran)

Cover

LEADER 00000nam a2200000 i 4500
001 bkp905519378
003 CZ-prgp
005 20260413161219.0
006 m o d
007 cr cn
008 260413s2025 xr o 000 1 cze
020 |a 978-80-53027-13-7  |c 349 Kč  |q (online ; pdf) 
020 |a 978-80-53027-14-4  |c 349 Kč  |q (online ; epub) 
020 |a 978-80-53027-09-0  |c 399 Kč  |q (print) 
040 |a Grada  |b cze  |e rda 
100 1 |a Tereza, Kadečková 
245 1 0 |a O dracích a kněžkách  |c Kadečková Tereza 
250 |a 1. elektronické vydání 
264 1 |b Golden Dog  |c 2025 
300 |a 1 online zdroj (424 stran) 
336 |a text  |b txt  |2 rdacontent 
337 |a počítač  |b c  |2 rdamedia 
338 |a online zdroj  |b cr  |2 rdacarrier 
520 3 |a Keeva, kněžka z Víkrie, právě přišla o svého ochránce, upadne v nemilost ostatním kněžím města, pokud do roka nedokáže svou hodnotu. Je připravená pro to udělat cokoliv. Lhát, podvádět, uplácet a ponižovat se. Iris, kněžka z Ruusutu právě povýšená na lovce, nemá staršího lovce, který by ji zacvičoval. Dostane možnost pracovat s Keevou a přes protesty ostatních kněží je rozhodnutá napravit její prohřešky a udělat z ní správnou následovnici náboženství. Obě přitom zapomínají, že vliv vždy působí oboustranně. 
650 0 4 |a Sci-fi, fantasy 
856 4 0 |u https://www.bookport.cz/AccountSaml/SignIn/?idp=https://shibboleth.utb.cz/idp/shibboleth&returnUrl=/kniha/o-dracich-a-knezkach-15951/  |y Dostupné v BOOKPORT po přihlášení pomocí eduID